| 000 | 01635nam0a22003131 4500 | ||
|---|---|---|---|
| 001 | v19\rc\1758966 | ||
| 005 | 20260406163243.0 | ||
| 035 | _a(NLR Aleph) 005231776 | ||
| 090 |
_a5613084 _c5613084 |
||
| 100 | _a20061204d1903 |||y0rusy50 ca | ||
| 101 | 0 | _arus | |
| 102 | _aRU | ||
| 105 | _aa z ||||| | ||
| 200 | 1 | _aЖизнь и подвиги святителей московских: Петра, Алексия, Ионы, Филиппа и Гермогена | |
| 210 |
_aМосква _cтип. т-ва И.Д. Сытина _d1903 |
||
| 215 |
_a127 с. _cил. _d25 |
||
| 702 | 0 |
_4570 _8rus _7ca _aАлексий _cБяконт, Елевферий Федорович _cмитрополит Всея Руси _fок.1292-1378 _3RU\NLR\AUTH\7734152 _917158 |
|
| 702 | 0 |
_8rus _7ca _aГермоген _cЕрмолай _cпатриарх Московский и всея Руси _fок.1530-1612 _3RU\NLR\AUTH\771908 _9111925 |
|
| 702 | 0 |
_4570 _8rus _7ca _aИона _cмитрополит Московский и всея Руси _f-1461 _3RU\NLR\AUTH\7743383 _926326 |
|
| 702 | 0 |
_4570 _8rus _7ca _aПетр _cмитрополит Московский и всея Руси _f-1326 _3RU\NLR\AUTH\7711454 _9121200 |
|
| 702 | 0 |
_4570 _8rus _7ca _aФилипп _cКолычев, Федор Степанович _cмитрополит Московский и всея Руси _f1507-1569 _3RU\NLR\AUTH\7710021 _9119807 |
|
| 801 | 0 |
_aRU _bNLR _c20061204 _gpsbo |
|
| 801 | 0 |
_aRU _bRuMoRGB _c20061204 _2psbo |
|
| 801 | 1 |
_aRU _bProSoft-M _c20061204 _2rusmarc |
|
| 801 | 2 |
_aRU _bNLR _c20070824 _2rusmarc |
|
| 852 |
_aNLR _j38.73.6.2 |
||
| 942 | _cBOOK | ||
| 980 | _aNB | ||